| 000 | 01315nam a2200361 a 4500 | ||
|---|---|---|---|
| 001 | 200442150 | ||
| 003 | TR-AnTOB | ||
| 005 | 20260106135920.0 | ||
| 007 | ta | ||
| 008 | 191129s2019 tu b 001 0 tur d | ||
| 020 | _a9786058287235 | ||
| 040 |
_aGAZIU _beng _erda _cGAZIU _dTR-AnTOB |
||
| 041 |
_atur _aota |
||
| 060 | 1 | 0 |
_aQV 766 _bA315m 2019 |
| 096 |
_aQV766 _bA315m 2019 |
||
| 100 | 0 |
_aAkşemseddin, _d1389 or 1390-1459 _9131564 |
|
| 245 | 1 | 0 |
_aMaddetü'l-hayat (yaşam kaynağı) : _bbitkisel tedavi yöntemleri / _cMuhammed Bin Hamza Akşemseddin ; tahkik-tedkik-neşr Mehmet Sait Toprak. |
| 246 | 3 | 0 | _aBitkisel tedavi yöntemleri. |
| 250 | _aBirinci Basım. | ||
| 264 | 1 |
_aAnkara : _bSağlık Bilimleri Üniversitesi, _c2019. |
|
| 300 |
_axxv, 118 pages ; _bfacsimiles _c24 cm. |
||
| 336 |
_atext _btxt _2rdacontent |
||
| 337 |
_aunmediated _bn _2rdamedia |
||
| 338 |
_avolume _bnc _2rdacarrier |
||
| 504 | _aIncludes bibliography (s.107-110) and index. | ||
| 600 | 0 | 0 |
_aAkşemseddin, _d1389 or 1390-1459 _9131564 |
| 650 | 1 | 0 |
_aPlants, Medicinal _9120565 |
| 650 | 2 | 2 |
_aPhytotherapy _9131565 |
| 700 | 1 |
_aToprak, Mehmet Sait _978925 |
|
| 942 |
_2NLM _cBK |
||
| 947 |
_a114579769 _b32357213 _c39 _d540 _eGazi Universitesi Kutuphanelerleri _fGazi - Merkez _g2021-05-03 11:17:18 |
||
| 999 |
_c200442150 _d60362 |
||